Представление документа в формате MARC21

Поле Инд. ПП Название Значение
Тип записи a
Библиографический уровень b
001 Контрольный номер RU/IS/BASE/400950721
005 Дата корректировки 20260407110537.9
084 a Индекс другой классификации/Индекс ББК 63.3(2)61-35
100 1_ a Автор Абинякин Р. М.
q Полное имя Абинякин Роман Михайлович
245 10 a Заглавие Увольнение бывших офицеров из РККА в 1921 - 1934 годах
504 a Библиография Лит. - Примеч.
520 0_ a Аннотация "Постепенное сокращение представительства бывших офицеров в Красной армии было естественным и не может расцениваться однобоко и предвзято, как особая репрессивно-политическая кампания..."
650 04 a Основная рубрика внутренняя политика
a Основная рубрика история
653 0_ a Ключевые слова XX век
a Ключевые слова военнослужащие
a Ключевые слова вооруженные силы
a Ключевые слова Красная армия
a Ключевые слова офицерский состав
a Ключевые слова реформа армии
a Ключевые слова Россия
a Ключевые слова советский период
a Ключевые слова сокращение армии
a Ключевые слова СССР
a Ключевые слова увольнение
773 18 t Заглавие источника Вопросы истории
d Дата издания источника 2012
g Прочая информация № 2. - С. 91 - 103
w Контрольный № источника RU/IS/BASE/383238307
901 t Тип документа b